[Event "BL 0405 SV Wattenscheid - SC Kreuzberg"]
[Site "?"]
[Date "2005.03.13"]
[Round "13.6"]
[White "Dinstuhl, Volkmar Dr"]
[Black "Volke, Karsten"]
[Result "1/2-1/2"]
[WhiteElo "2420"]
[BlackElo "2483"]
[PlyCount "81"]
[EventDate "2005.??.??"]

1. Nf3 Nf6 2. c4 b6 3. Nc3 Bb7 4. d4 e6 5. a3 d5 6. Bg5 Be7 7. Bxf6 Bxf6 8.
cxd5 exd5 9. Qa4+ Nd7 10. g3 O-O 11. Bh3 Nb8 12. O-O Qe7 13. Rad1 Rd8 14. Rfe1
Nd7 15. e4 dxe4 16. Nxe4 Nf8 17. Nc5 Bxf3 18. Rxe7 Bxd1 19. Qxd1 Bxe7 20. Nb7
Re8 21. Qc2 Bf6 22. Qxc7 Re1+ 23. Kg2 Re7 24. Qc6 Bxd4 25. Bc8 Re2 26. Nd6
Rxf2+ 27. Kh3 Rf6 28. Qxa8 Rxd6 29. Qxa7 Bxb2 30. a4 Bc3 31. Ba6 Ba5 32. Bc4
Rf6 33. Qe7 h6 34. Kg2 Bc3 35. Qc7 Bb4 36. Qd8 Bc5 37. Qc7 Bb4 38. Qc8 Ba5 39.
Qe8 Bb4 40. Qc8 Ba5 41. Qe8 1/2-1/2

[Event "BL 0405 SV Wattenscheid - SC Kreuzberg"]
[Site "?"]
[Date "2005.03.13"]
[Round "13.7"]
[White "Tischbierek, Raj"]
[Black "Ellers, Holger"]
[Result "1-0"]
[WhiteElo "2477"]
[BlackElo "2407"]
[PlyCount "75"]
[EventDate "2005.??.??"]

1. e4 c5 2. Nf3 Nc6 3. Bb5 g6 4. O-O Bg7 5. c3 Nf6 6. Qa4 Qb6 7. Re1 a6 8. Bf1
e5 9. d4 cxd4 10. cxd4 exd4 11. Bf4 O-O 12. Bd6 Re8 13. Nbd2 Qd8 14. Bc4 Ng4
15. Qb3 Qf6 16. e5 Ngxe5 17. Nxe5 Nxe5 18. Bxe5 Rxe5 19. Rxe5 Qxe5 20. Bxf7+
Kh8 21. Nc4 Qe7 22. Nb6 Rb8 23. Rc1 d5 24. Qg3 Be5 25. Nxc8 Qf6 26. Qf3 Qxf3
27. gxf3 d3 28. Nb6 Bd4 29. Na4 b5 30. Nc3 b4 31. Na4 Kg7 32. Bxd5 Rd8 33. Be4
d2 34. Rd1 Ba7 35. Kf1 Bb8 36. Ke2 Bf4 37. Nc5 Rd6 38. Nd3 {ZUe} 1-0

[Event "BL 0405 SV Wattenscheid - SC Kreuzberg"]
[Site "?"]
[Date "2005.03.13"]
[Round "13.8"]
[White "Straeter, Timo"]
[Black "Lau, Ralf"]
[Result "1/2-1/2"]
[WhiteElo "2348"]
[BlackElo "2481"]
[PlyCount "26"]
[EventDate "2005.??.??"]

1. d4 g6 2. e4 Bg7 3. c4 d6 4. Nc3 Nd7 5. Be3 e5 6. Nge2 Ne7 7. Qd2 h6 8. f3 c6
9. O-O-O Qc7 10. Kb1 b6 11. Nc1 Bb7 12. Nb3 Rd8 13. Be2 Qb8 1/2-1/2

[Event "BL 0405 Solinger SG - SFR Neukoelln"]
[Site "?"]
[Date "2005.03.13"]
[Round "13.2"]
[White "Stellwagen, Daniel"]
[Black "Nataf, Igor-Alexandre"]
[Result "1/2-1/2"]
[WhiteElo "2512"]
[BlackElo "2565"]
[PlyCount "52"]
[EventDate "2005.??.??"]

1. e4 c5 2. Nf3 Nc6 3. Bb5 e6 4. O-O Nge7 5. Re1 a6 6. Bf1 d5 7. exd5 Nxd5 8.
d4 Nf6 9. Be3 cxd4 10. Nxd4 Bd7 11. c4 Qc7 12. Nc3 Bd6 13. h3 O-O 14. Qc2 Rac8
15. Rad1 Bh2+ 16. Kh1 Bf4 17. Ne4 Nxe4 18. Qxe4 Bxe3 19. Qxe3 Rfd8 20. Nf3 Be8
21. a3 a5 22. b3 Rxd1 23. Rxd1 Rd8 24. Rd3 Qe7 25. Qb6 Rxd3 26. Bxd3 Qd6
1/2-1/2

[Event "BL 0405 Solinger SG - SFR Neukoelln"]
[Site "?"]
[Date "2005.03.13"]
[Round "13.3"]
[White "Polzin, Rainer"]
[Black "Gabriel, Christian"]
[Result "1-0"]
[WhiteElo "2517"]
[BlackElo "2556"]
[PlyCount "77"]
[EventDate "2005.??.??"]

1. e4 c5 2. Nf3 e6 3. d4 cxd4 4. Nxd4 a6 5. Nc3 Qc7 6. Be2 Nc6 7. O-O Nf6 8.
Be3 d6 9. a4 Be7 10. f4 O-O 11. Kh1 Rd8 12. Qe1 Nxd4 13. Bxd4 e5 14. Bg1 exf4
15. a5 Rf8 16. Bb6 Qb8 17. Bd3 Be6 18. Nd5 Bd8 19. Bd4 Nd7 20. Rxf4 Ne5 21. Qg3
g6 22. Nb6 Bxb6 23. axb6 Qd8 24. Raf1 f6 25. c4 Qe7 26. Be2 Rf7 27. Rc1 Rc8 28.
b3 Kh8 29. Rff1 Rc6 30. c5 dxc5 31. Bxe5 fxe5 32. Qxe5+ Kg8 33. Rxf7 Qxf7 34.
Rf1 Qg7 35. Rf6 Qd7 36. h3 Bf7 37. Rxc6 Qxc6 38. Qb8+ Be8 39. Bxa6 {ZUe} 1-0

[Event "BL 0405 Solinger SG - SFR Neukoelln"]
[Site "?"]
[Date "2005.03.13"]
[Round "13.4"]
[White "Naumann, Alexander"]
[Black "Borriss, Martin Dr"]
[Result "1-0"]
[WhiteElo "2538"]
[BlackElo "2439"]
[PlyCount "71"]
[EventDate "2005.??.??"]

1. e4 c5 2. Nf3 d6 3. d4 cxd4 4. Nxd4 Nf6 5. Nc3 Nc6 6. Bg5 e6 7. Qd2 a6 8.
O-O-O Be7 9. f4 Nxd4 10. Qxd4 b5 11. Bxf6 gxf6 12. f5 Qc7 13. Qe3 h5 14. Bd3
Bd7 15. Kb1 Qc5 16. Qh3 O-O-O 17. Ne2 Kb8 18. Nf4 exf5 19. exf5 d5 20. Qf3 Bd6
21. Nxd5 Be5 22. Be4 h4 23. a3 a5 24. Rd3 Bc8 25. Rhd1 Rd6 26. Nc3 Rhd8 27. Bd5
R6d7 28. Nxb5 Qxb5 29. Rb3 Qxb3 30. Qxb3+ Rb7 31. Qa4 Rxb2+ 32. Kc1 Bxf5 33.
Rd2 Rc8 34. Bb3 h3 35. Qb5+ Ka7 36. Qxa5+ 1-0

[Event "BL 0405 Solinger SG - SFR Neukoelln"]
[Site "?"]
[Date "2005.03.13"]
[Round "13.5"]
[White "Berndt, Stephan"]
[Black "Smeets, Jan"]
[Result "1-0"]
[WhiteElo "2438"]
[BlackElo "2515"]
[PlyCount "61"]
[EventDate "2005.??.??"]

1. e4 c5 2. Nf3 d6 3. d4 cxd4 4. Nxd4 Nf6 5. Nc3 a6 6. Bc4 e6 7. Bb3 Nbd7 8.
Qe2 Nc5 9. Bg5 Be7 10. f4 h6 11. Bxf6 Bxf6 12. O-O-O Bd7 13. Kb1 Qc7 14. Rhe1
O-O 15. g4 b5 16. g5 hxg5 17. e5 dxe5 18. fxe5 Be7 19. h4 b4 20. hxg5 Nxb3 21.
Qh5 Bxg5 22. Qxg5 Nxd4 23. Rxd4 f6 24. exf6 Rxf6 25. Nd5 exd5 26. Qxd5+ Kf8 27.
Rh4 Be6 28. Qxa8+ Kf7 29. Rh8 Bxa2+ 30. Ka1 Rf5 31. Rf8+ 1-0

[Event "BL 0405 Solinger SG - SFR Neukoelln"]
[Site "?"]
[Date "2005.03.13"]
[Round "13.6"]
[White "Hoffmann, Michael"]
[Black "Thiede, Lars"]
[Result "1/2-1/2"]
[WhiteElo "2468"]
[BlackElo "2442"]
[PlyCount "145"]
[EventDate "2005.??.??"]

1. e4 g6 2. d4 Bg7 3. Nf3 d6 4. Be2 Nf6 5. Nc3 O-O 6. O-O a6 7. Re1 e6 8. a4 h6
9. h3 Nc6 10. d5 Nb4 11. dxe6 Bxe6 12. Nd4 Bd7 13. Bf4 Re8 14. Bc4 Nh5 15. Be3
c5 16. Nb3 Bc6 17. f3 Qc7 18. Qd2 Rad8 19. Rad1 Kh7 20. Nc1 b6 21. N1a2 Nxa2
22. Bxa2 Qb7 23. Bd5 Nf6 24. Bxc6 Qxc6 25. b3 Rd7 26. Qd3 Qb7 27. Re2 Red8 28.
Nd5 Nxd5 29. Qxd5 Qc8 30. Red2 b5 31. axb5 axb5 32. Qd3 b4 33. Qe2 Qc6 34. Rd5
Bc3 35. Bf2 Qa8 36. Bxc5 Qxd5 37. Rxd5 dxc5 38. Rxd7 Rxd7 39. Qc4 Kg7 40. f4
Rd2 41. Kh2 Bd4 42. e5 Rf2 43. Kg3 Rd2 44. h4 Bf2+ 45. Kh3 h5 46. Qe4 Rd1 47.
g4 hxg4+ 48. Kxg4 Rg1+ 49. Kf3 Bxh4 50. f5 Rf1+ 51. Kg2 Rxf5 52. Qxh4 Rxe5 53.
Kf3 Rh5 54. Qe7 Rf5+ 55. Ke4 Rh5 56. c3 bxc3 57. Kd3 Rf5 58. Kxc3 Rh5 59. Kc4
Rf5 60. Kb5 Rd5 61. Kc6 Rf5 62. Kd7 Kh6 63. Qf8+ Kh5 64. Kc6 Kg4 65. Qd6 Kh3
66. Qd3+ Kg2 67. Kb5 Kh2 68. Kc4 Kg2 69. Qe3 Kh2 70. Kd3 Kg2 71. Ke2 Kh2 72.
Qe4 Kg3 73. Qe3+ 1/2-1/2

[Event "BL 0405 Solinger SG - SFR Neukoelln"]
[Site "?"]
[Date "2005.03.13"]
[Round "13.7"]
[White "Poldauf, Dirk"]
[Black "Werle, Jan"]
[Result "0-1"]
[WhiteElo "2418"]
[BlackElo "2457"]
[PlyCount "64"]
[EventDate "2005.??.??"]

1. c4 e5 2. Nc3 Nc6 3. Nf3 g6 4. d4 exd4 5. Nd5 Bg7 6. Bg5 f6 7. Bf4 d6 8. Nxd4
Nxd4 9. Qxd4 Ne7 10. e3 O-O 11. h4 h6 12. Be2 f5 13. Qd2 Nxd5 14. cxd5 Qf6 15.
Rc1 Rf7 16. b4 b6 17. a4 a5 18. b5 Bb7 19. Rc4 Re8 20. Bg3 Qa1+ 21. Rc1 Qxa4
22. O-O Qb4 23. Qd1 Qb2 24. Bf4 Re4 25. Bf3 Rb4 26. g4 g5 27. hxg5 hxg5 28.
Bxg5 fxg4 29. Bxg4 Qxc1 30. Qxc1 Rxg4+ 31. Kh2 Be5+ 32. f4 Rh7+ 0-1

[Event "BL 0405 Solinger SG - SFR Neukoelln"]
[Site "?"]
[Date "2005.03.13"]
[Round "13.8"]
[White "Ernst, Sipke"]
[Black "Schwarz, Michael"]
[Result "1/2-1/2"]
[WhiteElo "2521"]
[BlackElo "2408"]
[PlyCount "107"]
[EventDate "2005.??.??"]

1. d4 Nf6 2. c4 e6 3. Nc3 Bb4 4. Qc2 c5 5. dxc5 Na6 6. a3 Qa5 7. Bd2 Nxc5 8.
Rc1 Bxc3 9. Bxc3 Qa4 10. b4 Qxc2 11. Rxc2 Na4 12. Be5 Ke7 13. c5 Ne8 14. e4 f6
15. Bf4 a5 16. Bc4 e5 17. Be3 d6 18. Ne2 Be6 19. Bxe6 Kxe6 20. O-O Nc7 21. cxd6
Nb5 22. bxa5 Rhc8 23. Rxc8 Rxc8 24. Rb1 Nxd6 25. Rb4 Nc3 26. Ng3 Rc4 27. Rb6
Ncxe4 28. Nxe4 Rxe4 29. h3 Kd5 30. a6 bxa6 31. Rxa6 Nc4 32. Ra7 g5 33. Rd7+ Ke6
34. Rxh7 Nxe3 35. fxe3 Rxe3 36. Ra7 Kf5 37. Kf2 Rb3 38. Ra6 Rb2+ 39. Kf1 e4 40.
g4+ Ke5 41. Ra5+ Kd4 42. Ra6 Rh2 43. Rxf6 Rxh3 44. Rf5 Rxa3 45. Rxg5 Ke3 46.
Re5 Ra1+ 47. Kg2 Kd3 48. Kf2 Ra2+ 49. Ke1 Rg2 50. g5 Ke3 51. Kf1 Rg4 52. Ra5
Rf4+ 53. Ke1 Kf3 54. Ra3+ 1/2-1/2

[Event "BL 0405 Stuttgarter Sfr - Hamburger SK"]
[Site "?"]
[Date "2005.03.12"]
[Round "12.2"]
[White "Sedlak, Nikola"]
[Black "Ftacnik, Lubomir"]
[Result "1/2-1/2"]
[WhiteElo "2521"]
[BlackElo "2533"]
[PlyCount "49"]
[EventDate "2005.??.??"]

1. e4 c5 2. Ne2 d6 3. g3 b5 4. Bg2 Bb7 5. d4 Nd7 6. a4 b4 7. a5 Ngf6 8. d5 Ba6
9. b3 g6 10. Bb2 Bg7 11. Nd2 O-O 12. O-O Rb8 13. Re1 Re8 14. c4 bxc3 15. Bxc3
Qc7 16. Qc2 Ne5 17. Nc1 e6 18. Bxe5 dxe5 19. dxe6 Rxe6 20. Bf1 Bh6 21. Nc4 Rd8
22. Nd3 Bxc4 23. Qxc4 Bd2 24. Red1 Bxa5 25. Qxc5 1/2-1/2

[Event "BL 0405 Stuttgarter Sfr - Hamburger SK"]
[Site "?"]
[Date "2005.03.12"]
[Round "12.4"]
[White "Reuss, Andreas"]
[Black "Bezold, Michael"]
[Result "0-1"]
[WhiteElo "2356"]
[BlackElo "2532"]
[PlyCount "52"]
[EventDate "2005.??.??"]

1. d4 d6 2. e4 g6 3. c4 Bg7 4. Nc3 Nf6 5. f3 O-O 6. Be3 b6 7. Qd2 c5 8. d5 e6
9. Bd3 Nbd7 10. b3 exd5 11. cxd5 Ne5 12. Bc2 Ne8 13. Nge2 b5 14. O-O b4 15. Na4
Bd7 16. Nxc5 dxc5 17. f4 Ng4 18. Bxc5 Rc8 19. Bd4 Bb5 20. Rfe1 Bxe2 21. Bxg7
Rxc2 22. Qd4 Nxg7 23. Rec1 Ne6 24. Qxa7 Rxc1+ 25. Rxc1 Nxf4 26. h3 Qg5 0-1

[Event "BL 0405 Stuttgarter Sfr - Hamburger SK"]
[Site "?"]
[Date "2005.03.12"]
[Round "12.5"]
[White "Reeh, Oliver"]
[Black "Vujic, Branimir"]
[Result "1-0"]
[WhiteElo "2464"]
[BlackElo "2360"]
[PlyCount "131"]
[EventDate "2005.??.??"]

1. e4 d5 2. exd5 Nf6 3. Nf3 Nxd5 4. d4 g6 5. Be2 Bg7 6. O-O O-O 7. h3 Nc6 8.
Re1 Nb6 9. c3 e5 10. dxe5 Nxe5 11. Nxe5 Bxe5 12. Qxd8 Rxd8 13. Bf3 f6 14. Nd2
Rb8 15. a4 Be6 16. a5 Nd7 17. Ne4 Bc4 18. Be3 b6 19. axb6 axb6 20. Ra7 Kg7 21.
Bd4 Rbc8 22. Nd2 Bf7 23. Bb7 Rb8 24. Bc6 Rbc8 25. Bxd7 Rxd7 26. Bxe5 fxe5 27.
Nf3 Re7 28. Rxe5 Kf6 29. Rxe7 Kxe7 30. Nd4 Kd6 31. f3 Bc4 32. Kf2 Re8 33. b3
Be6 34. Nb5+ Kc6 35. Nd4+ Kd6 36. Nxe6 Rxe6 37. Ra4 Re8 38. h4 b5 39. Rd4+ Kc6
40. g4 Ra8 41. b4 Kb6 42. f4 Ra2+ 43. Kg3 c5 44. Rd6+ Kc7 45. Rd5 cxb4 46. cxb4
Ra3+ 47. Kf2 Kc6 48. Rc5+ Kb6 49. Re5 Kc6 50. Rc5+ Kb6 51. Rd5 Rh3 52. h5 Kc6
53. Rc5+ Kb6 54. hxg6 hxg6 55. Re5 Rb3 56. Re6+ Kc7 57. Rxg6 Rxb4 58. f5 Rf4+
59. Kg3 Rf1 60. Re6 b4 61. Re4 Rb1 62. Kf4 Kd6 63. Kg5 b3 64. f6 Ra1 65. Rb4
Ra8 66. Rxb3 1-0

[Event "BL 0405 Stuttgarter Sfr - Hamburger SK"]
[Site "?"]
[Date "2005.03.12"]
[Round "12.6"]
[White "Vuckovic, Aleksandar"]
[Black "Heinemann, Thies"]
[Result "1/2-1/2"]
[WhiteElo "2325"]
[BlackElo "2453"]
[PlyCount "122"]
[EventDate "2005.??.??"]

1. e4 c5 2. Nf3 d6 3. d4 cxd4 4. Nxd4 Nf6 5. Nc3 a6 6. g3 e5 7. Nde2 b5 8. Bg2
Nbd7 9. O-O Bb7 10. Nd5 Nxd5 11. exd5 Be7 12. a4 O-O 13. Be3 Qc7 14. axb5 axb5
15. Qd3 b4 16. Qd2 Qc4 17. b3 Qb5 18. c4 bxc3 19. Nxc3 Qb4 20. Ra4 Qxb3 21. Rg4
Rfc8 22. Bh6 g6 23. Rb1 Qxc3 24. Qxc3 Rxc3 25. Rxb7 Bf8 26. Bxf8 Rc1+ 27. Bf1
Nxf8 28. Rc4 Rxc4 29. Bxc4 h5 30. Rb6 Rd8 31. Bb5 Nh7 32. f3 Nf6 33. Bc6 Kf8
34. Kg2 Ng8 35. Kh3 Ne7 36. Kg2 Nxc6 37. Rxc6 Ke7 38. Kh3 Rd7 39. Kh4 Kf6 40.
Kh3 g5 41. Rc8 Kf5 42. Rh8 e4 43. fxe4+ Kxe4 44. Rxh5 f6 45. Kg4 Rg7 46. Rh8
f5+ 47. Kh5 g4 48. Kh6 Re7 49. Kg5 Re5 50. Ra8 Rxd5 51. Ra4+ Kf3 52. Ra3+ Ke4
53. Ra4+ Ke5 54. Ra8 Rc5 55. Re8+ Kd4 56. Re6 Rd5 57. Kf4 Kc5 58. Re8 Kd4 59.
Rd8 Kd3 60. Re8 Rc5 61. Rd8 Rd5 1/2-1/2

[Event "BL 0405 Stuttgarter Sfr - Hamburger SK"]
[Site "?"]
[Date "2005.03.12"]
[Round "12.8"]
[White "Heinatz, Thomas"]
[Black "Sebastian, Dirk"]
[Result "0-1"]
[WhiteElo "2281"]
[BlackElo "2371"]
[PlyCount "94"]
[EventDate "2005.??.??"]

1. e4 e5 2. Nf3 Nc6 3. Bb5 a6 4. Ba4 Nf6 5. O-O Bc5 6. c3 b5 7. Bb3 d6 8. a4
Rb8 9. axb5 axb5 10. d4 Bb6 11. h3 Bb7 12. Re1 O-O 13. Bg5 h6 14. Bh4 g5 15.
Bg3 Re8 16. d5 Ne7 17. Na3 Ng6 18. Nxb5 Nh5 19. Kh2 Nhf4 20. Na3 Bc8 21. Ba4
Rf8 22. Nc4 h5 23. Nxb6 Rxb6 24. b4 g4 25. hxg4 hxg4 26. Nd2 Kg7 27. Rh1 Rh8+
28. Kg1 Rxh1+ 29. Kxh1 Rb8 30. Nf1 Nh4 31. Ne3 Qg5 32. Bc6 Nfxg2 33. Nxg2 Nf3
34. Nh4 Nxh4 35. Bxh4 Qxh4+ 36. Kg1 g3 37. Qf3 Qh2+ 38. Kf1 Bh3+ 39. Ke2 gxf2
40. Qxf2 Bg4+ 41. Ke3 Qh6+ 42. Kd3 Rg8 43. Rg1 Kf8 44. Qa7 Rg6 45. Re1 Qh2 46.
Kc4 Be2+ 47. Kb3 Bd3 0-1

[Event "BL 0405 TV Tegernsee - Preetzer TSV"]
[Site "?"]
[Date "2005.03.12"]
[Round "12.3"]
[White "Wisnewski, Christoph"]
[Black "Bischoff, Klaus"]
[Result "0-1"]
[WhiteElo "2392"]
[BlackElo "2559"]
[PlyCount "120"]
[EventDate "2005.??.??"]

1. e4 c5 2. c3 e6 3. Nf3 Nf6 4. e5 Nd5 5. d4 cxd4 6. cxd4 d6 7. Bc4 Nb6 8. Bd3
Nc6 9. O-O d5 10. Nc3 Be7 11. Bf4 a6 12. Qe2 Bd7 13. Rac1 h6 14. Rfd1 Qb8 15.
Bg3 Qa7 16. h4 Nb4 17. Bb1 Nc4 18. h5 Nc6 19. Bd3 b5 20. b3 Na3 21. Qb2 Qb6 22.
Bf4 O-O-O 23. b4 Nc4 24. Bxc4 bxc4 25. b5 Na5 26. Rb1 axb5 27. Nxb5 Qxb5 28.
Qxb5 Bxb5 29. Rxb5 Nc6 30. Rdb1 Rd7 31. Rb6 Rc7 32. Ne1 Kd7 33. Nc2 Ra8 34. a3
Bxa3 35. Be3 Be7 36. g4 Ra2 37. Ne1 Rca7 38. Kf1 Kc7 39. R6b5 Ra1 40. R1b2 Na5
41. Rc2 Rb7 42. Rxb7+ Kxb7 43. Ke2 Kc6 44. f4 Kb5 45. g5 Nb3 46. Nf3 Bf8 47. g6
fxg6 48. hxg6 Be7 49. Kf2 Kb4 50. Kg3 c3 51. f5 exf5 52. e6 Ra6 53. Ne5 Rxe6
54. Nd3+ Kc4 55. Nb2+ Kb4 56. Nd3+ Kb5 57. Kf2 Bh4+ 58. Kf3 Bg5 59. Ne5 Kb4 60.
Bf2 Nd2+ 0-1

[Event "BL 0405 TV Tegernsee - Preetzer TSV"]
[Site "?"]
[Date "2005.03.12"]
[Round "12.5"]
[White "Willsch, Matthias"]
[Black "Kindermann, Stefan"]
[Result "0-1"]
[WhiteElo "2250"]
[BlackElo "2536"]
[PlyCount "62"]
[EventDate "2005.??.??"]

1. d4 d6 2. c4 f5 3. Nc3 Nf6 4. g3 g6 5. Bg2 Bg7 6. Nh3 O-O 7. d5 Na6 8. Bg5
Nc5 9. Qd2 Nce4 10. Nxe4 Nxe4 11. Bxe4 fxe4 12. Nf4 h6 13. Nxg6 hxg5 14. Nxf8
Qxf8 15. Qxg5 Qf6 16. Qxf6 Bxf6 17. O-O-O Bg4 18. Rde1 c5 19. h3 Bd7 20. f4 b5
21. e3 bxc4 22. g4 c3 23. bxc3 Bxc3 24. Re2 Bb5 25. Rc2 Bg7 26. g5 Bd3 27. Rb2
Bxb2+ 28. Kxb2 Rb8+ 29. Kc3 Rb1 30. Rh2 Rc1+ 31. Kb2 Re1 0-1

[Event "BL 0405 TV Tegernsee - Preetzer TSV"]
[Site "?"]
[Date "2005.03.12"]
[Round "12.6"]
[White "Hertneck, Gerald"]
[Black "Marxen, Peter Dr"]
[Result "1-0"]
[WhiteElo "2552"]
[BlackElo "2212"]
[PlyCount "78"]
[EventDate "2005.??.??"]

1. d4 Nf6 2. c4 g6 3. Nc3 Bg7 4. e4 d6 5. Be2 O-O 6. Bg5 c5 7. d5 a6 8. a4 Qa5
9. Kf1 e6 10. Nf3 exd5 11. cxd5 Bg4 12. Bf4 Ne8 13. Qc1 Nd7 14. Bh6 Ne5 15.
Nxe5 Bxe2+ 16. Nxe2 dxe5 17. h4 f6 18. Bd2 Qc7 19. h5 Nd6 20. Ng3 Rfc8 21. f4
Qe7 22. fxe5 Qxe5 23. Bf4 Qe7 24. Qc2 b5 25. axb5 Nxb5 26. hxg6 hxg6 27. Ra4
Nd6 28. Qe2 c4 29. Kf2 c3 30. b3 c2 31. Rc1 Qa7+ 32. Kf1 Qb6 33. Qd3 Qb5 34.
Ke2 Qd7 35. Kd2 Nf7 36. Ne2 Qg4 37. Qh3 Qxh3 38. gxh3 g5 39. Bg3 Nh6 1-0

[Event "BL 0405 TV Tegernsee - Preetzer TSV"]
[Site "?"]
[Date "2005.03.12"]
[Round "12.7"]
[White "Reinecker, Kai"]
[Black "Bromberger, Stefan"]
[Result "0-1"]
[WhiteElo "2220"]
[BlackElo "2440"]
[PlyCount "60"]
[EventDate "2005.??.??"]

1. e4 c5 2. Nc3 Nc6 3. f4 e6 4. Nf3 a6 5. d4 cxd4 6. Nxd4 Qc7 7. Be2 b5 8. Nxc6
Qxc6 9. Bf3 Bb7 10. Be3 b4 11. e5 Qc7 12. Ne4 Nh6 13. Qd3 Nf5 14. O-O-O Nxe3
15. Qxe3 Rc8 16. Rd2 Bxe4 17. Bxe4 d5 18. Bd3 Bc5 19. Qe1 O-O 20. Re2 a5 21. f5
exf5 22. Bxf5 Rb8 23. Qh4 g6 24. e6 Be7 25. Qg4 b3 26. axb3 Rb4 27. c4 dxc4 28.
Rc2 c3 29. Rxc3 Qe5 30. exf7+ Rxf7 0-1

[Event "BL 0405 TV Tegernsee - Preetzer TSV"]
[Site "?"]
[Date "2005.03.12"]
[Round "12.8"]
[White "Gross, David"]
[Black "Richert, Thomas"]
[Result "1-0"]
[WhiteElo "2465"]
[BlackElo "2206"]
[PlyCount "35"]
[EventDate "2005.??.??"]

1. e4 c5 2. Nf3 d6 3. d4 cxd4 4. Nxd4 Nf6 5. Nc3 a6 6. Be3 e5 7. Nf3 Be7 8. Bc4
O-O 9. O-O Nbd7 10. a4 b6 11. Bg5 Bb7 12. Bxf6 Nxf6 13. Qe2 Qc7 14. Rfd1 Rfc8
15. Ba2 h6 16. Nh4 Qc5 17. Nf5 Bf8 18. Qf3 1-0

[Event "BL 0405 SF Katernberg - SC Eppingen"]
[Site "?"]
[Date "2005.03.12"]
[Round "12.2"]
[White "Chuchelov, Vladimir"]
[Black "Medvegy, Zoltan"]
[Result "1-0"]
[WhiteElo "2571"]
[BlackElo "2467"]
[PlyCount "77"]
[EventDate "2005.??.??"]

1. Nf3 c5 2. c4 Nf6 3. Nc3 e6 4. g3 b6 5. Bg2 Bb7 6. O-O Be7 7. Re1 Ne4 8. Nxe4
Bxe4 9. d3 Bb7 10. e4 O-O 11. d4 cxd4 12. Nxd4 d6 13. a4 Nc6 14. Nxc6 Bxc6 15.
b3 Qc7 16. Ba3 Rfd8 17. Ra2 a6 18. Bb4 b5 19. cxb5 axb5 20. a5 d5 21. Bxe7 Qxe7
22. exd5 Qd6 23. a6 Bxd5 24. Bxd5 Qxd5 25. Qxd5 Rxd5 26. Rc1 g6 27. Rc7 Rd6 28.
a7 Rb6 29. b4 Kg7 30. Ra3 e5 31. Rf3 Rf6 32. Rxf6 Kxf6 33. Kf1 Ke6 34. Ke2 h5
35. Rb7 Kd5 36. Rxb5+ Kc6 37. Ra5 Kb6 38. Kd3 f6 39. Kc4 1-0

[Event "BL 0405 SF Katernberg - SC Eppingen"]
[Site "?"]
[Date "2005.03.12"]
[Round "12.3"]
[White "Mann, Christian"]
[Black "Kritz, Leonid"]
[Result "1-0"]
[WhiteElo "2455"]
[BlackElo "2543"]
[PlyCount "85"]
[EventDate "2005.??.??"]

1. g3 e5 2. Bg2 Nc6 3. e4 Bc5 4. Ne2 f5 5. exf5 Nf6 6. c3 d5 7. d4 exd4 8. cxd4
Bb6 9. Nbc3 Bxf5 10. Bg5 O-O 11. Nxd5 Ba5+ 12. Ndc3 h6 13. Bxf6 Qxf6 14. O-O
Rad8 15. Qb3+ Kh8 16. Qxb7 Nxd4 17. Nxd4 Rxd4 18. Nd5 Qf7 19. b4 Bb6 20. Nxb6
axb6 21. Rac1 Rd7 22. Qf3 Qxa2 23. g4 Qb2 24. gxf5 Qxb4 25. Rc6 Rdf7 26. Bh3
Qd4 27. Rfc1 b5 28. Qb3 Rxf5 29. Bxf5 Rxf5 30. Qe3 Rg5+ 31. Kf1 Qg4 32. Re6
Qg1+ 33. Ke2 Qg4+ 34. Ke1 Qg1+ 35. Kd2 Qxh2 36. Re8+ Kh7 37. Qe4+ Rg6 38. Ke3
Qd6 39. Ra1 Qc5+ 40. Ke2 Qh5+ 41. Kd2 Qg5+ 42. Kd3 Qh5 43. Rg1 1-0

[Event "BL 0405 SF Katernberg - SC Eppingen"]
[Site "?"]
[Date "2005.03.12"]
[Round "12.4"]
[White "Moreno Carnero, Javier"]
[Black "Schulze, Ulrich"]
[Result "1-0"]
[WhiteElo "2512"]
[BlackElo "2333"]
[PlyCount "77"]
[EventDate "2005.??.??"]

1. e4 Nf6 2. e5 Nd5 3. d4 d6 4. c4 Nb6 5. exd6 cxd6 6. Nc3 g6 7. Be3 Bg7 8. Rc1
O-O 9. b3 e5 10. dxe5 dxe5 11. Qxd8 Rxd8 12. c5 N6d7 13. Bc4 Nc6 14. Nf3 Na5
15. Be2 h6 16. O-O Nf8 17. Rfd1 Be6 18. Nb5 a6 19. Nd6 Rd7 20. Nd2 f5 21. f3
Kh7 22. b4 Nc6 23. a3 Rad8 24. N2c4 Bf6 25. Nb6 Re7 26. Bf1 Bg5 27. Bxg5 hxg5
28. Rd2 Kg7 29. Re1 Kf6 30. h3 Rc7 31. Kf2 Nd7 32. Nd5+ Bxd5 33. Rxd5 Nf8 34.
a4 Nxb4 35. Rdxe5 Rcd7 36. g4 Nc6 37. Re8 Rxe8 38. Nxe8+ Kf7 39. Bc4+ 1-0

[Event "BL 0405 SF Katernberg - SC Eppingen"]
[Site "?"]
[Date "2005.03.12"]
[Round "12.5"]
[White "Balzar, Andreas Dr"]
[Black "L'Ami, Erwin"]
[Result "1-0"]
[WhiteElo "2352"]
[BlackElo "2516"]
[PlyCount "82"]
[EventDate "2005.??.??"]

1. e4 c5 2. Nf3 d6 3. d4 cxd4 4. Nxd4 Nf6 5. Nc3 a6 6. Bc4 e6 7. Bb3 b5 8. Bg5
Be7 9. Qf3 Qc7 10. O-O-O Nc6 11. Nxc6 Qxc6 12. Qg3 O-O 13. Bh6 Ne8 14. Nd5 Bd8
15. Rhe1 Bb7 16. Nf4 Kh8 17. Bg5 Bxg5 18. Qxg5 Nf6 19. Qh4 Rac8 20. Re2 Rfe8
21. Rd3 Nxe4 22. Rh3 h6 23. Nh5 g5 24. Qg4 f5 25. Qf3 Qd7 26. Ng3 Nxg3 27. Qxg3
Kg7 28. f4 g4 29. Rh5 Qf7 30. Qh4 Qg6 31. h3 gxh3 32. Qxh3 Be4 33. Re3 Kh7 34.
Qh4 Rf8 35. Rh3 Qxh5 36. Qxh5 Rf6 37. Qh4 Rcf8 38. Rg3 d5 39. c3 a5 40. Bc2 b4
41. Bxe4 dxe4 1-0

[Event "BL 0405 SF Katernberg - SC Eppingen"]
[Site "?"]
[Date "2005.03.12"]
[Round "12.6"]
[White "Senff, Martin"]
[Black "Koch, Wolfgang Max Dr"]
[Result "1-0"]
[WhiteElo "2430"]
[BlackElo "2330"]
[PlyCount "83"]
[EventDate "2005.??.??"]

1. e4 d6 2. d4 Nf6 3. Nc3 g6 4. Nf3 Bg7 5. Be2 O-O 6. O-O a6 7. Bf4 Nfd7 8. Qd2
e5 9. dxe5 dxe5 10. Bg5 f6 11. Be3 c6 12. a4 a5 13. h4 Qe7 14. h5 g5 15. Rfd1
Na6 16. Bc4+ Kh8 17. Qd6 Qxd6 18. Rxd6 Re8 19. Rad1 Nf8 20. h6 Bxh6 21. Rxf6
Bg7 22. Bxg5 h6 23. Bh4 Be6 24. Bxe6 Nxe6 25. Rf7 Nac5 26. Bf6 Kg8 27. Nxe5 Bf8
28. Bh4 Ng5 29. Bxg5 Rxe5 30. Bf4 Re6 31. Rf5 Nxe4 32. Nxe4 Rxe4 33. b3 Rae8
34. Be3 R8e5 35. Rxe5 Rxe5 36. Rd8 Kf7 37. Rd7+ Kg6 38. Rxb7 Bc5 39. Rc7 Bxe3
40. Rxc6+ Kg5 41. fxe3 Rxe3 42. Rc5+ 1-0

[Event "BL 0405 SF Katernberg - SC Eppingen"]
[Site "?"]
[Date "2005.03.12"]
[Round "12.7"]
[White "Eisenbeiser, Amadeus"]
[Black "Scholz, Christian"]
[Result "0-1"]
[WhiteElo "2323"]
[BlackElo "2396"]
[PlyCount "132"]
[EventDate "2005.??.??"]

1. e4 c5 2. Nf3 d6 3. d4 cxd4 4. Nxd4 Nf6 5. Nc3 a6 6. Bc4 e6 7. Bb3 b5 8. Bg5
Be7 9. Qf3 Qc7 10. e5 Bb7 11. exd6 Bxd6 12. Qe3 Bc5 13. O-O Ng4 14. Qh3 Nxf2
15. Rxf2 Bxd4 16. Be3 Bxe3 17. Qxe3 O-O 18. Raf1 Nd7 19. Rxf7 Rxf7 20. Rxf7 Qc6
21. Rf2 Nc5 22. Qf4 h6 23. Qf7+ Kh7 24. Ne2 Rd8 25. h4 Nxb3 26. cxb3 Rd1+ 27.
Kh2 Qe4 28. Qf4 Re1 29. Qxe4+ Bxe4 30. Nc3 Kg6 31. Kg3 b4 32. Nxe4 Rxe4 33. Rc2
Kf5 34. Rc4 a5 35. Kf3 Re5 36. Rf4+ Kg6 37. g4 h5 38. g5 Rd5 39. Ke3 Rd1 40. a3
bxa3 41. bxa3 Rb1 42. b4 Rb3+ 43. Kf2 Rxa3 44. bxa5 Rxa5 45. Rb4 Rf5+ 46. Ke2
Rf7 47. Ra4 e5 48. Ke3 Kf5 49. Rb4 Rd7 50. Rb8 Rd4 51. Rf8+ Kg6 52. Re8 Rxh4
53. Rxe5 Rg4 54. Kf2 Rxg5 55. Re3 Rg4 56. Ra3 Kg5 57. Ra5+ Kh4 58. Ra3 g5 59.
Rb3 Ra4 60. Kg2 Ra2+ 61. Kg1 g4 62. Rc3 g3 63. Rb3 Kh3 64. Rb1 h4 65. Rc1 Ra4
66. Rb1 Kg4 0-1